000 00393nam a22001697a 4500
003 MPLRDC
005 20220104123809.0
008 210129b ||||| |||| 00| 0 eng d
082 _a857.6 GH
100 _a关鸿
245 _a艺术家生涯
_c
250 _a一版一刷
260 _a
_b上海文艺出版社
_c1987
300 _b
650 _a短篇小说
942 _cBK
_o857.6 GH
999 _c14267
_d14257